000 00654nam a2200217 a 4500
005 20230914063600.0
008 131202s2001 mx r 000 0 spa d
020 _a9681662083 (v.2)
035 _aUPN01000194359
049 _aCG
050 4 _aPQ7113
_bE5.5 2001
245 0 3 _aEl ensayo mexicano moderno /
_cselec. , introd. y notas de José Luis Martínez.
250 _a3a ed. correg. y aum.
260 _aMéxico :
_bFCE,
_c2001.
300 _a2 v.
440 0 _aLetras mexicanas ;
_v39-40
500 _aLa biblioteca tiene el v.2
650 4 _aEnsayos mexicanos
_97886
700 1 _aMartínez, José Luis,
_d1910-1949
_ecomp.
905 _aLibro
999 _c166460
_d166460